Vẽ cơ sở = Basic drawing

Uloženo v:
Podrobná bibliografie
Hlavní autor: Jang Huyn Soon
Médium: Kniha
Jazyk:Undetermined
Vydáno: H. Lao Động - Xã Hội 2000
Témata:
Tagy: Přidat tag
Žádné tagy, Buďte první, kdo otaguje tento záznam!
Thư viện lưu trữ: Trung tâm Học liệu Trường Đại học Cần Thơ
LEADER 00448nam a2200157Ia 4500
001 CTU_51093
008 210402s9999 xx 000 0 und d
082 |a 624 
082 |b S711 
100 |a Jang Huyn Soon 
245 0 |a Vẽ cơ sở = Basic drawing 
260 |a H. 
260 |b Lao Động - Xã Hội 
260 |c 2000 
650 |a mechanical engineering,engineering design 
980 |a Trung tâm Học liệu Trường Đại học Cần Thơ